000
00271nam a2200109Ia 4500
008
191206s9999 xx 000 0 und d
090
_a
PZ3.G358D36
245
0
_a
Dead souls
260
_c
c1965
300
_a
1 v. (theater program).
999
_c
15788
_d
15788